| 000 | 01172cam a22003497a 4500 | ||
|---|---|---|---|
| 003 | CHAP | ||
| 005 | 20220817042724.0 | ||
| 008 | 971013s1979 r 00010 d | ||
| 010 | _a53469 | ||
| 011 | _a54441 | ||
| 035 | _a58592 | ||
| 040 | _cCHAP | ||
| 082 |
_a631.521 _bR8 |
||
| 100 | 0 | 0 |
_aRubenstein, Irwin. _9100446 |
| 245 | 1 | 4 | _aThe plant seed ; development, preservation and germination |
| 260 |
_aNew York : _bAcademic Press, _c1979 |
||
| 300 |
_a266 p. _b: ilus. ; gráfs. |
||
| 490 | 0 | _aRapid manuscrip reproduction | |
| 590 |
_aBATCH-UPD _b10 _c20130110 _lUCH01 _h0231 |
||
| 590 |
_aBATCH-UPD _b10 _c20130110 _lUCH01 _h1836 |
||
| 590 |
_aBATCH-UPD _b10 _c20130410 _lUCH01 _h1207 |
||
| 590 |
_aBATCH-UPD _b10 _c20130914 _lUCH01 _h1541 |
||
| 590 |
_aCONVERSION _b10 _c20130109 _lUCH01 _h1329 |
||
| 650 | 1 | 4 |
_aGerminación. _947755 |
| 650 | 1 | 4 | _aSemillas. |
| 650 | 1 | 4 |
_aSemillas _xPreservación. _9103926 |
| 830 | 0 |
_aRapid manuscrip reproduction _994687 |
|
| 901 | _aBK | ||
| 942 | _cLIBRO | ||
| 949 |
_a631.521 R8 _bBC _cLIBRO _d33724000085320 _eLIBRO _h51926 _i58592 _si _t663.00 |
||
| 949 |
_a631.521 R8 _bBC _cLIBRO _d33724000087201 _eLIBRO _fc.2 _h52038 _i58592 _si _t663.00 |
||
| 999 |
_c53469 _d53469 |
||